000 00425nam a2200181Ia 4500
001 22811
005 20260414150855.0
008 260414t2015||||xx |||||||||||||| ||spa||
041 _aESP
082 _a624.15
_bA47
100 _aAlva Hurtado, Jorge E.
_eAUT
245 0 _aDiseño de cimentaciones
_b
260 _c2015
300 _a128 páginas :
_c30 cm.
650 _a0
654 _aCIC
942 _cLIB
_dJUS
_fJUS
_2ddc
_n
999 _c22811
_d22811